Geologic map of the Yauco and Punta Verraco quadrangles, Puerto Rico /

Bibliographic Details
Main Author: Krushensky, R. D.
Corporate Authors: Geological Survey (U.S.), Puerto Rico. Department of Natural Resources
Other Authors: Monroe, Watson Hiner, 1907-1992
Format: Government Document Map
Language:English
Published: Reston, Va. : The Survey, 1979.
Series:Miscellaneous investigations series (Geological Survey (U.S.)) ; map I-1147.
Subjects:

MARC

Tag First Indicator Second Indicator Subfields
LEADER 00000cem a2200000Ia 4500
001 in00002467694
005 20151111041942.0
008 800911s1979 vauaegk a f 0 eng d
034 1 |a a  |b 20000  |d W0665230  |e W0664500  |f N0180730  |g N0175500 
035 |a (OCoLC)ocm06699877 
035 |a (OCoLC)6699877 
040 |a GIS  |c GIS  |d UUM  |d NMT  |d OCL  |d COP  |d OCLCG  |d STF  |d TXA  |d UtOrBLW 
043 |a nwpr--- 
049 |a TXAM 
050 1 4 |a G3701.C5 svar  |b .U45, I-1147 
052 |a 4971 
074 |a 0619-G-08 
086 0 |a I 19.91:I-1147 
100 1 |a Krushensky, R. D. 
245 1 0 |a Geologic map of the Yauco and Punta Verraco quadrangles, Puerto Rico /  |c by Richard D. Krushensky and Watson H. Monroe ; Department of the Interior, United States Geological Survey ; prepared in cooperation with the Commonwealth of Puerto Rico, Department of Natural Resources. 
246 3 0 |a Yauco and Punta Verraco quadrangles, Puerto Rico 
255 |a Scale 1:20,000  |c (W 66⁰52ʹ30ʺ--W 66⁰45ʹ00ʺ/N 18⁰07ʹ30ʺ--N 17⁰55ʹ00ʺ). 
264 1 |a Reston, Va. :  |b The Survey,  |c 1979. 
300 |a 1 map :  |b color ;  |c 115 x 65 cm., folded in envelope 30 x 24 cm. 
336 |a cartographic image  |b cri  |2 rdacontent 
337 |a unmediated  |b n  |2 rdamedia 
338 |a sheet  |b nb  |2 rdacarrier 
490 1 |a Miscellaneous investigations series ;  |v map I-1147 
500 |a Relief shown by contours and spot heights. Depth shown by soundings and isolines. 
500 |a Includes 2 col. cross-sections, tables, text, and index to adjacent quadrangles. 
504 |a Includes bibliographical references. 
500 |a Cartographic material. 
650 0 |a Geology  |z Puerto Rico  |v Maps. 
700 1 |a Monroe, Watson Hiner,  |d 1907-1992. 
710 2 |a Geological Survey (U.S.) 
710 1 |a Puerto Rico.  |b Department of Natural Resources. 
830 0 |a Miscellaneous investigations series (Geological Survey (U.S.)) ;  |v map I-1147. 
994 |a C0  |b TXA 
948 |a cataloged  |b h  |c 2009/07/09  |e rzeske  |f 02:04:49 pm 
999 |a MARS 
999 f f |s d069928d-0104-3878-aa89-cdd564c65a71  |i dd4a21fd-a5af-3e4b-8ea4-bc6fd2324d98  |t 0 
952 f f |p normal  |a Texas A&M University  |b College Station  |c Sterling C. Evans Library  |d Evans: Maps File (2nd floor)  |t 0  |e I 19.91:I-1147  |h Superintendent of Documents classification  |i unmediated -- sheet  |m A14837624638 
998 f f |a I 19.91:I-1147  |t 0  |l Evans: Maps File (2nd floor)